| 000 | 00638nam a22001577a 4500 | ||
|---|---|---|---|
| 003 | OSt | ||
| 005 | 20160106161314.0 | ||
| 008 | 160106b xxu||||| |||| 00| 0 eng d | ||
| 040 | _cRUA | ||
| 082 | _aLMA LOC 2011 B310 Or.1 | ||
| 100 |
_96165 _aLOCH, KALYAN. |
||
| 245 | _aEvolution of land market commune mukh ampul district kandal province, ការអនុវត្តន៍នៃទីផ្សារដីធ្លីនៅឃុំព្រែកអញ្ចាញ ស្រុកមុខកំពូល ខេត្តកណ្ដាល | ||
| 260 |
_aPhnom Penh _bRUA _c2011 |
||
| 300 |
_axii; 63p. _bill. _c29cm. |
||
| 942 |
_2ddc _cLMA |
||
| 999 |
_c5741 _d5741 |
||